书目信息 |
| 题名: |
人文风景线
|
|
| 作者: | 于雷 主编 | |
| 分册: | ||
| 出版信息: | 长春 吉林出版集团有限责任公司 2009.04 |
|
| 页数: | 185页 | |
| 开本: | 16cm | |
| 丛书名: | 全新知识大搜查 | |
| 单 册: | ||
| 中图分类: | C49 | |
| 科图分类: | ||
| 主题词: | 人文--青少年读物 | |
| 电子资源: | ||
| ISBN: | 978-7-80762-593-3 | |
| 000 | 00708nam 2200265 450 | |
| 001 | CALB0120111024355m | |
| 005 | 20111226151616.81 | |
| 010 | @a978-7-80762-593-3@dCNY29.50 | |
| 099 | @aCALB0120111024355m | |
| 100 | @a20091004d2009 em y0chiy0120 ea | |
| 101 | 0 | @achi |
| 102 | @aCN@b220000 | |
| 105 | @ay z 000yy | |
| 200 | 1 | @a人文风景线@Afu rao de hai yang@f于雷主编 |
| 205 | @a第2版 | |
| 210 | @a长春@c吉林出版集团有限责任公司@d2009.04 | |
| 215 | @a185页@c图@d16cm | |
| 225 | 2 | @a全新知识大搜查 |
| 410 | 0 | @12001 @a全新知识大搜查 |
| 606 | 0 | @a人文@j青少年读物 |
| 690 | @aC49@v4 | |
| 701 | 0 | @a于雷@Ayu lei@4主编 |
| 801 | 0 | @c20111226 |
| 905 | @aZUCC@dC49@eY717=2@f6 | |
| 998 | @aBJVATC | |
| 人文风景线/于雷主编.-第2版.-长春:吉林出版集团有限责任公司,2009.04 |
| 185页:图;16cm.-(全新知识大搜查) |
| ISBN 978-7-80762-593-3:CNY29.50 |
| ● |
| 相关链接 |
|
|
|
正题名:人文风景线
索取号:C49/Y717=2
 
预约/预借
| 序号 | 登录号 | 条形码 | 馆藏地/架位号 | 状态 | 备注 |
| 1 | 1069312 | 210693123 | 社科库509/509社科库 53排8列3层/ [索取号:C49/Y717=2] | 在馆 | |
| 2 | 1069313 | 210693132 | 社科库509/509社科库 53排8列3层/ [索取号:C49/Y717=2] | 在馆 | |
| 3 | 1069314 | 210693141 | 社科库509/509社科库 53排8列3层/ [索取号:C49/Y717=2] | 在馆 | |
| 4 | 1185135 | 211851352 | 社科库509/509社科库 53排8列3层/ [索取号:C49/Y717=2] | 在馆 | |
| 5 | 1185136 | 211851361 | 社科库509/509社科库 53排8列3层/ [索取号:C49/Y717=2] | 在馆 | |
| 6 | 1185137 | 211851370 | 社科库509/509社科库 53排8列3层/ [索取号:C49/Y717=2] | 在馆 |